Delito informático de las telecomunicaciones y de los derechos de autor (Registro nro. 3578)

Detalles MARC
000 -Cabecera
Campo de control de longitud fija 00921aam a2200313 4500
005 - Fecha y hora de la última transacción
Campo de control 20260319111413.0
008 - Elementos de longitud fija--Información general
Campo de control de longitud fija 150225b2012 xxu||||| |||| 00| 0 eng d
020 ## - International Standard Book Number
Número Internacional Estándar del Libro (ISBN) 9789587491975
041 ## - Idioma
Código de idioma Español
082 ## - Clasificación Decimal Dewey
Número de clasificación 364.168 R579d
100 ## - Entrada principal--Autor personal
Nombre personal Rincón Ríos, Jarvey
9 (RLIN) 29811
100 ## - Entrada principal--Autor personal
Nombre personal Naranjo Duque, Victoria
245 ## - Título propiamente dicho
Título Delito informático de las telecomunicaciones y de los derechos de autor
260 ## - Pie de imprenta
Lugar de publicación, distribución, etc. Colombia
260 ## - Pie de imprenta
Nombre del editor, distribuidor, etc. IBAÑEZ
260 ## - Pie de imprenta
Fecha de publicación, distribución, etc. 2012
300 ## - Descripción física
Extensión 293 páginas
490 ## - Serie
Título de la Serie Investigación Criminal
505 ## - Nota de contenido
Nota de contenido Contiene Disco Compacto N° 279
650 ## - Materia general
Temática (materia general) DELITOS INFORMÁTICOS
650 ## - Materia general
Temática (materia general) DERECHO PENAL
650 ## - Materia general
Temática (materia general) ESTAFA INFORMÁTICA
650 ## - Materia general
Temática (materia general) NORMAS DE INTELIGENCIA
650 ## - Materia general
Temática (materia general) SEGURIDAD CIUDADANA
650 ## - Materia general
Temática (materia general) MONITOREO ELECTRÓNICO DE PRESOS
650 ## - Materia general
Temática (materia general) ALLANAMIENTO DE SISTEMAS INFORMÁTICOS
650 ## - Materia general
Temática (materia general) FALSEDAD INFORMÁTICA
942 ## - Punto de acceso adicional KOHA
Tipo de ítem KOHA Libro
Fuente del sistema de clasificación o colocación Dewey Decimal Classification
Existencias
Signatura completa Código de barras Programa Académico Tipo de ítem
364.168 R579d 18567 Investigación Criminal Libro
364.168 R579d 279DC Investigación Criminal Disco Compacto